The All England Law Reports Reprint: Being a selection from the law times reports 1843-1935. (Record no. 619688)

MARC details
000 -LEADER
fixed length control field 00631nam a2200181 4500
008 - FIXED-LENGTH DATA ELEMENTS--GENERAL INFORMATION
fixed length control field 260424b |||||||| |||| 00| 0 eng d
020 ## - INTERNATIONAL STANDARD BOOK NUMBER
ISBN 9780406000439
Paper back/Hardbound hbk
041 ## - LANGUAGE CODE
Language code of text/sound track or separate title eng.
082 ## - DEWEY DECIMAL CLASSIFICATION NUMBER
Classification number 348.4204 BRI
100 ## - MAIN ENTRY--AUTHOR NAME
Personal name Bridgman, G. F. L.
245 ## - TITLE STATEMENT
Title The All England Law Reports Reprint: Being a selection from the law times reports 1843-1935.
Statement of responsibility, etc /by G. F. L. Bridgman, O. M. W. Swingland and Henry Summerfield and G. A. Kidner
250 ## - EDITION STATEMENT
Edition statement 1st ed. Reprint
260 ## - PUBLICATION, DISTRIBUTION, ETC. (IMPRINT)
Place of publication London:
Name of publisher Butterworth and CO,
Year of publication 1960.
300 ## - PHYSICAL DESCRIPTION
Number of Pages 893 p.
Dimensions ;20 cm.
650 ## - SUBJECT ADDED ENTRY--TOPICAL TERM
Topical Term Laws regulations cases
942 ## - ADDED ENTRY ELEMENTS (KOHA)
Koha item type English Books
Holdings
Withdrawn status Lost status Damaged status Not for loan Home library Current library Shelving location Date acquired Full call number Accession Number Price effective from Koha item type
        Anna Centenary Library Anna Centenary Library 4TH FLOOR, A WING 24.04.2026 348.4204 BRI 401694 24.04.2026 English Books

Find us on the map